000
00233nam a2200097Ia 4500
001
986861
005
20250826221109.0
008
250824s9999 xx 000 0 und d
245
0
_a
Küçük Deli
_c
Ahmet Efe
260
_b
Kayalıpark Genç
999
_c
986861
_d
986861